000 00499nam a2200181Ia 4500
005 20250508161936.0
008 008 250505s9999 xx 000 0 eng d
037 _aTextual
040 _aFEDL
_beng
_cFEDL
041 _aeng
_2eng
084 _a291, BHA
_qFEDL
100 _aDas Bhagavan
245 0 _aEssential unity of all religions
260 _aBombay, India
_bBharatiya Vidya Bhavan
_c1932
300 _aLxxviii,904p.
942 _cTEXL
_h291, BHA
999 _c1373395
_d1373395